[Event "St Jean op"]
[Site "St Jean sur Richelieu"]
[Date "2008.06.13"]
[Round "1"]
[White "Lavoie, Eric"]
[Black "Drolet, Stephane"]
[Result "0-1"]
[WhiteElo "1917"]
[BlackElo "2117"]
[PlyCount "59"]
[EventDate "2008.06.13"]
[EventType "swiss"]
[EventRounds "5"]
[EventCountry "CAN"]
[SourceTitle "EXT 2011"]
[Source "ChessBase"]
[SourceDate "2010.11.26"]
[SourceVersion "1"]
[SourceVersionDate "2010.11.26"]
[SourceQuality "1"]

1. d4 d5 2. Nf3 Nf6 3. e3 g6 4. Bd3 Bg7 5. Nbd2 0-0 6. 0-0 c5 7. c3 b6 8. Qe2 Bb7 9. dxc5 bxc5 10. e4 e6 11. e5 Nfd7 12. Re1 Nc6 13. Nf1 Ndxe5 14. Ng3 Nxf3+ 15. Qxf3 Ne5 16. Rxe5 Bxe5 17. Bh6 Bg7 18. Qf4 e5 19. Qd2 f6 20. h4 e4 21. Bc2 f5 22. Bg5 Bf6 23. Bh6 Bxh4 24. Bxf8 Qxf8 25. Qf4 Qe7 26. Rd1 Bg5 27. Nxf5 gxf5 28. Qxf5 Rf8 29. Qh3 Qf6 30. Rf1 0-1

[Event "St Jean op"]
[Site "St Jean sur Richelieu"]
[Date "2004.06.26"]
[Round "2"]
[White "Lavoie, Eric"]
[Black "Saillant, Benoit"]
[Result "1-0"]
[WhiteElo "1293"]
[BlackElo "1183"]
[PlyCount "83"]
[EventDate "2004.06.??"]
[EventType "swiss"]
[EventRounds "5"]
[EventCountry "CAN"]
[SourceTitle "EXT 2006"]
[Source "ChessBase"]
[SourceDate "2005.11.24"]
[SourceVersion "1"]
[SourceVersionDate "2005.11.24"]
[SourceQuality "1"]

1. d4 d6 2. c4 c5 3. e3 cxd4 4. exd4 Nf6 5. Nc3 g6 6. Nf3 Bg7 7. Bd3 0-0 8. 0-0 Bg4 9. Be3 Nc6 10. h3 Bxf3 11. Qxf3 Nd7 12. Ne2 e5 13. Rfd1 f5 14. Qd5+ Kh8 15. dxe5 dxe5 16. Bxf5 Nb6 17. Qxd8 Raxd8 18. Bxb6 Rxd1+ 19. Rxd1 gxf5 20. Bc5 Rc8 21. Ng3 b6 22. Ba3 Nd4 23. b3 Rd8 24. Kf1 Re8 25. Bb2 f4 26. Nh5 Nf5 27. Nxg7 Nxg7 28. Re1 e4 29. Rd1 Kg8 30. Bxg7 Kxg7 31. Rd7+ Kg6 32. Rxa7 e3 33. fxe3 fxe3 34. Ra6 e2+ 35. Ke1 Kf5 36. Rxb6 Kf4 37. Rf6+ Kg3 38. Rf2 h5 39. Rxe2 Rxe2+ 40. Kxe2 Kxg2 41. c5 Kxh3 42. c6 1-0